000 00274nam a2200121Ia 4500
999 _c8543
_d8543
020 _a978-0030211041
100 _aGilbert A Churchill JR
245 0 _aBasic Marketing Research
250 _a4th
260 _aLondon
_bWorld Scientific
_c2003
300 _a706
942 _cBK